000 00763nam a22001337a 4500
040 _cRUA
082 _aFIS BRO 2016 B462 Or.1
100 _aBRON MADY,ប្រន ម៉ាឌី
245 _asnakehead fish pasth processing at phat sandi village, phat sandai commune, kampong svay district ,kampong thom province,បច្ចេកទេសធ្វើប្រហុកសាច់ត្រីរ៉ស់នៅភូមិផាត់សណ្តាយឃុំផាត់សណ្តាយ ស្រុកកំពង់ស្វាយ ខេត្តកំពង់ធំ
260 _aRUA
_bphnom penh
_cRUA
300 _axi;42p;
_bill;
_c29cm;
856 _uhttps://drive.google.com/file/d/1ZeTElnmutdgL0v5YBX4Yyeh5zUsVNAK-/view?usp=sharing
942 _cFIS
999 _c19250
_d19250